I want to read all the books / (Record no. 408295)
[ view plain ]
| 000 -LEADER | |
|---|---|
| fixed length control field | 01929cam a2200373 i 4500 |
| 001 - CONTROL NUMBER | |
| control field | 1455462654 |
| 003 - CONTROL NUMBER IDENTIFIER | |
| control field | OCoLC |
| 005 - DATE AND TIME OF LATEST TRANSACTION | |
| control field | 20250530112839.0 |
| 008 - FIXED-LENGTH DATA ELEMENTS--GENERAL INFORMATION | |
| fixed length control field | 240911t20242024nyua b 000 f eng d |
| 020 ## - INTERNATIONAL STANDARD BOOK NUMBER | |
| International Standard Book Number | 9781481416306 |
| Qualifying information | (hardcover) |
| 020 ## - INTERNATIONAL STANDARD BOOK NUMBER | |
| International Standard Book Number | 1481416308 |
| Qualifying information | (hardcover) |
| 035 ## - SYSTEM CONTROL NUMBER | |
| System control number | (OCoLC)1455462654 |
| Canceled/invalid control number | (OCoLC)1420449821 |
| 040 ## - CATALOGING SOURCE | |
| Original cataloging agency | WLM |
| Language of cataloging | eng |
| Description conventions | rda |
| Transcribing agency | WLM |
| Modifying agency | OCLCO |
| -- | SDG |
| -- | OCLCO |
| -- | BKL |
| -- | JQW |
| -- | OCLCO |
| -- | YDX |
| -- | BDX |
| -- | E3V |
| 082 04 - DEWEY DECIMAL CLASSIFICATION NUMBER | |
| Classification number | [E] |
| Edition number | 23 |
| 092 ## - LOCALLY ASSIGNED DEWEY CALL NUMBER (OCLC) | |
| Classification number | children picture book |
| Item number | Ohi |
| 100 1# - MAIN ENTRY--PERSONAL NAME | |
| Personal name | Ohi, Debbie Ridpath, |
| Dates associated with a name | 1962- |
| Relator term | author, |
| -- | illustrator. |
| 9 (RLIN) | 5899524 |
| 245 10 - TITLE STATEMENT | |
| Title | I want to read all the books / |
| Statement of responsibility, etc | Debbie Ridpath Ohi. |
| 250 ## - EDITION STATEMENT | |
| Edition statement | First edition. |
| 264 #1 - Production, Publication, Distribution, Manufacture, and Copyright Notice. | |
| Place of production, publication, distribution, manufacture | New York, New York : |
| Name of producer, publisher, distributor, manufacturer | Simon & Schuster Books for Young Readers, |
| Date of production, publication, distribution, manufacture, or copyr | [2024] |
| 264 #4 - Production, Publication, Distribution, Manufacture, and Copyright Notice. | |
| Date of production, publication, distribution, manufacture, or copyr | ©2024. |
| 300 ## - PHYSICAL DESCRIPTION | |
| Extent | 1 volume (unpaged) : |
| Other physical details | color illustrations ; |
| Dimensions | 27 x 27 cm. |
| 336 ## - Content Type | |
| Content type term | text |
| 336 ## - Content Type | |
| Content type term | still image |
| 337 ## - Media type | |
| Media type term | unmediated |
| 338 ## - Carrier type | |
| Carrier type term | volume |
| 520 ## - SUMMARY, ETC. | |
| Summary, etc | "Hana wants to know everything about the world around her. When she starts asking questions, her mother gives her a book. She learns so much, but now she has even more questions! She also has a big mission: she will read all the books-every single one! She reads every book in her house. . . and then her friends' houses . . . and then the whole block. Nonfiction, fiction, romance, mysteries, and science fiction. But when her mother takes her to the downtown library, she realizes there are a lot more books than she thought . . . way more. Maybe she can't really read all the books-now what?"--Amazon.com. |
| 521 1# - TARGET AUDIENCE NOTE | |
| Target audience note | Ages 4-8. |
| 650 #0 - SUBJECT ADDED ENTRY--TOPICAL TERM | |
| Topical term or geographic name as entry element | Children |
| General subdivision | Books and reading |
| Form subdivision | Juvenile fiction. |
| 9 (RLIN) | 6391836 |
| 650 #0 - SUBJECT ADDED ENTRY--TOPICAL TERM | |
| Topical term or geographic name as entry element | Books and reading |
| Form subdivision | Juvenile fiction. |
| 9 (RLIN) | 5684814 |
| 650 #0 - SUBJECT ADDED ENTRY--TOPICAL TERM | |
| Topical term or geographic name as entry element | Libraries |
| Form subdivision | Juvenile fiction. |
| 9 (RLIN) | 5698338 |
| 655 #7 - INDEX TERM--GENRE/FORM | |
| Genre/form data or focus term | Picture books. |
| Source of term | lcgft |
| 655 #7 - INDEX TERM--GENRE/FORM | |
| Genre/form data or focus term | Novels. |
| Source of term | lcgft |
| 942 ## - ADDED ENTRY ELEMENTS (KOHA) | |
| Source of classification or shelving scheme | Dewey Decimal Classification |
| Koha item type | BOOK |
| Withdrawn status | Lost status | Source of classification or shelving scheme | Damaged status | Not for loan | Collection code | Home library | Current library | Shelving location | Date acquired | Source of acquisition | Total Checkouts | Total Renewals | Full call number | Barcode | Checked out | Date last seen | Date checked out | Cost, replacement price | Price effective from | Koha item type |
|---|---|---|---|---|---|---|---|---|---|---|---|---|---|---|---|---|---|---|---|---|
| Dewey Decimal Classification | Children Picture Books | Wasatch County Library | Wasatch County Library | Main Floor Childrens Area | 05/30/2025 | Micromarketing | 2 | 1 | E Ohi | 34301002156190 | 04/19/2026 | 03/11/2026 | 03/11/2026 | 18.99 | 05/30/2025 | BOOK |
